000 00337nam a22001457a 4500
003 SGT
020 _a9789384961886
082 _a343.087
_bCHA
100 _aCHATERJEE , ISHITA
245 _aINTERNATIONAL TRADE LAW
250 _a2
260 _aALLAHABAD
_bCENTRAL LAW PUBLICATION
_c2018
300 _aXLVII , 879
942 _2ddc
_cBK
_063
999 _c19783
_d19783